Embun Hidayah : Antologi Cerpen Pemenang Hadiah Sastera Berunsur Islam III

Bibliographic Details
Format: Book
Published: Kuala Lumpur : DBP , 1991
Subjects:

MARC

LEADER 00000cam a2200000 7i4500
001 0000007356
002 000007911
005 20011130.0
020 |a 9836222979 
090 0 0 |a F   |b EMB 
245 0 0 |a Embun Hidayah :   |b Antologi Cerpen Pemenang Hadiah Sastera Berunsur Islam III 
260 |a Kuala Lumpur :   |b DBP ,   |c 1991 
300 |a 154 p. ;   |c 18 cm. 
650 0 0 |a Short stories 
999 |a 039743   |b BUKU   |c FICTION   |e PERPUSTAKAAN KOMUNITI PETALING JAYA 
999 |a 039744   |b BUKU   |c PINJAMAN   |e PERPUSTAKAAN KOMUNITI PETALING JAYA